Rifugiati in transito attraverso l'Europa /

Salvato in:
Dettagli Bibliografici
Altri autori: Manocchi, Michele (Redattore), Marchetti, Chiara (Redattore)
Natura: Libro
Lingua:italiano
Pubblicazione: Milano : Franco Angeli
Tags: Aggiungi Tag
Nessun Tag, puoi essere il primo ad aggiungerne!!

MARC

LEADER 00000nam a22000007ib4500
001 IT\ICCU\VEA\1194424
003 ItRI
005 20240620112757.0
008 160727s2016 it |||||| ||||| |||||c
040 |b ita  |c C 
041 7 |a ita  |2 ISO-639-2 
245 0 0 |a Rifugiati in transito attraverso l'Europa /  |c [a cura di Chiara Marchetti e Michele Manocchi]. 
260 |a Milano :  |b Franco Angeli 
300 |a 211 p. ;  |c 23 cm 
500 |a Titolo della copertina 
700 1 |a Manocchi, Michele  |0 IT\ICCU\RMSV\960921  |4 edt 
700 1 |a Marchetti, Chiara  |0 IT\ICCU\TO0V\399307  |4 edt 
773 0 |w IT\ICCU\LO1\1130480  |t Mondi migranti  |g 1/2016 
942 |2 ddc  |c BK 
952 |0 0  |1 0  |2 ddc  |4 0  |6 304_820500000000000_MAR_RIF  |7 1  |9 1472  |a GE  |b GE  |d 2024-06-20  |l 0  |o 304.8205 MAR RIF  |p 1204  |r 2024-06-20 11:28:24  |w 2024-06-20  |y BK 
981 1 |6 z01  |a i   |b xxxe  
982 1 |6 z01  |a n 
999 |c 1291  |d 1291